000 00775cam a2200253 i 4500
001 2235922
003 Ke-BoTe
005 20211104111036.0
008 770708r19771893mnu 000 0 eng
010 _a 76057111
020 _a0871232308 :
_c$1.50
040 _aDLC
_cDLC
_dDLC
050 0 0 _aBV3790
_b.T58 1977
082 0 0 _a269/.2
100 1 _aTorrey, R. A.
_q(Reuben Archer),
_d1856-1928.
_9281
245 1 0 _aHow to bring men to Christ /
_cR. A. Torrey.
260 _aMinneapolis :
_bBethany Fellowship,
_c1977.
300 _a121 p. ;
_c18 cm.
490 0 _aDimension books
500 _aReprint of the 1893 ed. published by F. H. Revell Co., New York.
650 0 _aEvangelistic work.
_987
906 _a7
_bcbc
_corignew
_d2
_eocip
_f19
_gy-gencatlg
942 _2lcc
_cBK
_n0
999 _c82
_d82